Open Data Biblioteca Nacional de Portugal


República Portuguesa: Ministério da Cultura
Biblioteca Nacional de Portugal

Catálogo da BNP: acesso por Identificadores Unívocos
Registos Bibliográficos associados ao registo de autoridade

Etiqueta de registo: 00000nam 2200025 450
001 1857488
003 http://id.bnportugal.gov.pt/bib/catbnp/1857488
100 ## $a20131203d2012 k y0pory01030103ba
101 0# $apor$deng
102 ## $aPT
105 ## $aa m 000yy
106 ## $ar
200 1# $a A Arquitectura Religiosa Gótica em Portugal no século XIV$e o tempo dos experimentalismos$fCatarina Paula Oliveira de Matos Madureira Villamariz$gorient. José Custódio Vieira da Silva
210 #9 $aLisboa$c[s.n.],$d2012
215 ## $a2 v.$cil.$d30 cm
215 ## $a1 disco ótico (CD-ROM) em caixa$cil.$d13 x 14 x 1 cm
305 ## $aEd. impressa e em CD-ROM
320 ## $aContém bibliografia
328 #1 $aTese dout. História da Arte Medieval, Fac. Ciências Sociais e Humanas, Univ. Nova de Lisboa, 2012
675 ## $a726.033(469)(043)$vBN$zpor$31357926
700 #1 $aVillamariz,$bCatarina Paula Oliveira de Matos Madureira$31555412
702 #1 $aSilva,$bJosé Custódio Vieira da,$f1948-$4727$3105312
801 #0 $aPT$bBN$gRPC
966 ## $b001$d1º v.$lBN$mDEM$sB.A. 9674 P.$x1
966 ## $b001$d2º v.$lBN$mDEM$sB.A. 9675 P.$x1
966 ## $b001$d[1º v.]$lBN$mFGMON$sB.A. 36958 V.$x1
966 ## $b001$d[2º v.]$lBN$mFGMON$sB.A. 36959 V.$x1

Etiqueta de registo: 00254nam 2200025 450
001 2277551
003 http://id.bnportugal.gov.pt/bib/catbnp/2277551
100 ## $a20260306d2025 k y0pory01030103ba
101 0# $aeng$dpor
102 ## $aPT
105 ## $aa m 000yy
106 ## $ar
200 1# $aTracing glass in Portugal$e a multidisciplinary study of Late Medieval and Early Modern glass (14th-16th Centuries)$fAnna Cristoforetti$gadviser Inês Coutinho, Teresa Medici, Catarina Villamariz
210 #9 $aLisboa$c[s.n.],$d2025
215 ## $aXXIX, 309 p.$cil.$d30 cm
328 #1 $aTese dout. Conservation and Restoration of Cultural Heritage, NOVA School of Science and Technology, Universidade NOVA de Lisboa, 2025
675 ## $a902.01(469)"13/15"(043)$vBN$zpor$31994625
675 ## $a748.02.033(469)"13/15"(043)$vBN$zpor$31994624
675 ## $a666.11(469)"13/15"(043)$vBN$zpor$31994623
700 #1 $aCristoforetti,$bAnna$31989750
702 #1 $aCoutinho,$bInês Alexandra Ramalho$4727$31682059
702 #1 $aMedici,$bTeresa$4727$31618368
702 #1 $aVillamariz,$bCatarina Paula Oliveira de Matos Madureira$4727$31555412
801 #0 $aPT$bBN$gRPC
966 ## $lBN$mFGMON$sH.G. 89093 V.$x1
971 ## $cssilva$d20260306
972 ## $e0$z0$d20260414$vasantos
973 ## $ctrodrigues$d20260402

OpendataBNP@bnportugal.pt | Mais informação sobre acesso aos dados BNP